[Event "PRO League Stage"]
[Site "Chess.com INT"]
[Date "2020.02.17"]
[Round "7"]
[White "Leitao, Rafael Duailibe"]
[Black "So, Wesley"]
[Result "1/2-1/2"]
[WhiteElo "2592"]
[BlackElo "2765"]
[PlyCount "60"]
[EventDate "2020.01.06"]
[EventType "team-swiss (rapid)"]
[EventRounds "7"]
[EventCountry "USA"]
[SourceTitle "CBM 194 Extra"]
[Source "ChessBase"]
[SourceDate "2020.03.31"]
[SourceVersion "1"]
[SourceVersionDate "2020.03.31"]
[SourceQuality "1"]
[WhiteTeam "Brazil Capybaras"]
[BlackTeam "Saint Louis Arch Bishops"]
[WhiteTeamCountry "BRA"]
[BlackTeamCountry "USA"]

1. d4 Nf6 2. c4 e6 3. Nf3 d5 4. Nc3 Bb4 5. Qa4+ Nc6 6. e3 O-O 7. Qc2 Re8 8. a3
Bxc3+ 9. Qxc3 e5 10. dxe5 Ne4 11. Qb3 Nxe5 12. cxd5 Qf6 13. Be2 Bg4 14. Qd1
Rad8 15. O-O Nxf3+ 16. Bxf3 Bxf3 17. Qxf3 Qe5 18. Qe2 Rxd5 19. f3 Nc5 20. Rb1
Red8 21. e4 Nb3 22. Bf4 Qd4+ 23. Be3 Qd3 24. Kf2 R5d7 25. Rfd1 Qxe2+ 26. Kxe2
Nd4+ 27. Bxd4 Rxd4 28. Rxd4 Rxd4 29. Rc1 c6 30. b4 Kf8 1/2-1/2

[Event "PRO League Stage"]
[Site "Chess.com INT"]
[Date "2020.02.17"]
[Round "7"]
[White "So, Wesley"]
[Black "Mekhitarian, Krikor Sevag"]
[Result "1-0"]
[WhiteElo "2765"]
[BlackElo "2563"]
[PlyCount "99"]
[EventDate "2020.01.06"]
[EventType "team-swiss (rapid)"]
[EventRounds "7"]
[EventCountry "USA"]
[SourceTitle "CBM 194 Extra"]
[Source "ChessBase"]
[SourceDate "2020.03.31"]
[SourceVersion "1"]
[SourceVersionDate "2020.03.31"]
[SourceQuality "1"]
[WhiteTeam "Saint Louis Arch Bishops"]
[BlackTeam "Brazil Capybaras"]
[WhiteTeamCountry "USA"]
[BlackTeamCountry "BRA"]

1. e4 e5 2. Nf3 Nc6 3. Bb5 Nf6 4. d3 Bc5 5. O-O Nd4 6. Nxd4 Bxd4 7. c3 Bb6 8.
Na3 c6 9. Ba4 d6 10. Bb3 O-O 11. Nc4 Bc7 12. Bg5 h6 13. Bh4 d5 14. exd5 cxd5
15. Ne3 g5 16. Bg3 d4 17. Nc4 dxc3 18. bxc3 e4 19. d4 Nd5 20. Ne3 Nf4 21. f3
exf3 22. Qxf3 Be6 23. Rae1 Re8 24. Bxf4 Bxf4 25. Nd5 Bxd5 26. Rxe8+ Qxe8 27.
Qxd5 Rd8 28. Qf5 Kg7 29. g3 Bd2 30. Qf6+ Kh7 31. Bc2+ Kg8 32. Qxh6 Be3+ 33. Kg2
Qc6+ 34. Qxc6 bxc6 35. Bb3 Rd7 36. Rf5 Bd2 37. Rc5 Rd6 38. Ba4 Kg7 39. Bxc6 Re6
40. Bf3 Re1 41. Rc7 Rc1 42. c4 Be3 43. d5 Rc2+ 44. Kh3 Bg1 45. Kg4 Bxh2 46. d6
Rd2 47. c5 Bg1 48. Kxg5 Be3+ 49. Kf5 Rc2 50. c6 1-0

[Event "PRO League Stage"]
[Site "Chess.com INT"]
[Date "2020.02.17"]
[Round "7"]
[White "So, Wesley"]
[Black "Supi, Luis Paulo"]
[Result "1-0"]
[WhiteElo "2765"]
[BlackElo "2577"]
[PlyCount "73"]
[EventDate "2020.01.06"]
[EventType "team-swiss (rapid)"]
[EventRounds "7"]
[EventCountry "USA"]
[SourceTitle "CBM 194 Extra"]
[Source "ChessBase"]
[SourceDate "2020.03.31"]
[SourceVersion "1"]
[SourceVersionDate "2020.03.31"]
[SourceQuality "1"]
[WhiteTeam "Saint Louis Arch Bishops"]
[BlackTeam "Brazil Capybaras"]
[WhiteTeamCountry "USA"]
[BlackTeamCountry "BRA"]

1. d4 Nf6 2. c4 e6 3. Nf3 b6 4. g3 Ba6 5. b3 Bb4+ 6. Bd2 Be7 7. Bg2 O-O 8. O-O
d5 9. cxd5 exd5 10. Nc3 Re8 11. a3 Nbd7 12. Ne5 Bb7 13. b4 c6 14. Qb3 Nf8 15.
e4 Ne6 16. Be3 dxe4 17. Nxe4 Nd5 18. Rad1 f6 19. Nd3 Qd7 20. Bh3 Bf8 21. Nc3
Nxc3 22. Qxc3 Qf7 23. Bg2 Nc7 24. Bxc6 Bxc6 25. Qxc6 Nd5 26. Nf4 Nxe3 27. fxe3
Rac8 28. Qf3 Rc3 29. Rd3 Rxd3 30. Nxd3 Qb3 31. e4 Rd8 32. d5 Rc8 33. Nf4 Rc3
34. Qg4 Rc2 35. Kh1 Qe3 36. Ng2 Qd3 37. Rg1 1-0

[Event "Chess24 Banter Blitz Cup Final"]
[Site "chess24.com INT"]
[Date "2020.09.21"]
[Round "1.4"]
[White "Shankland, Samuel L"]
[Black "So, Wesley"]
[Result "0-1"]
[WhiteElo "2691"]
[BlackElo "2770"]
[PlyCount "106"]
[EventDate "2020.09.21"]
[EventType "k.o. (blitz)"]
[EventRounds "4"]
[EventCountry "GER"]
[SourceTitle "EXT 2021"]
[Source "ChessBase"]
[SourceDate "2020.10.23"]
[SourceVersion "1"]
[SourceVersionDate "2020.10.23"]
[SourceQuality "1"]

1. d4 Nf6 2. c4 e6 3. g3 d5 4. Bg2 Bb4+ 5. Nd2 O-O 6. Ngf3 b6 7. O-O Bb7 8.
cxd5 exd5 9. a3 Bd6 10. Ne5 Re8 11. Ndc4 Bf8 12. Bg5 c6 13. Ne3 h6 14. Bxf6
Qxf6 15. Rc1 Qe6 16. Qc2 Bd6 17. Nd3 Nd7 18. Qb3 Qf6 19. Rfd1 h5 20. Bf3 h4 21.
Nb4 Rac8 22. Bg4 hxg3 23. hxg3 Red8 24. Qa4 Bxb4 25. axb4 a6 26. Qc2 g6 27. Kg2
Qe7 28. Qd2 f5 29. Bf3 Nf6 30. Rh1 Kg7 31. Rh4 Rh8 32. Rch1 Rxh4 33. Rxh4 Kf7
34. Nc2 Rg8 35. Rh6 g5 36. Ne3 Bc8 37. Kg1 Rg6 38. Bh5 Nxh5 39. Rxh5 f4 40.
Rh7+ Rg7 41. Rxg7+ Kxg7 42. gxf4 gxf4 43. Ng2 f3 44. exf3 Be6 45. Qf4 Qxb4 46.
Qe5+ Kf7 47. Nf4 Bd7 48. Qh5+ Ke7 49. Qg5+ Ke8 50. Ng6 a5 51. Kg2 Be6 52. Qf6
Qd6 53. Ne5 Bh3+ 0-1

[Event "Chess24 Banter Blitz Cup Final"]
[Site "chess24.com INT"]
[Date "2020.09.24"]
[Round "2.6"]
[White "So, Wesley"]
[Black "Vachier Lagrave, Maxime"]
[Result "0-1"]
[WhiteElo "2770"]
[BlackElo "2778"]
[PlyCount "78"]
[EventDate "2020.09.21"]
[EventType "k.o. (blitz)"]
[EventRounds "4"]
[EventCountry "GER"]
[SourceTitle "EXT 2021"]
[Source "ChessBase"]
[SourceDate "2020.10.23"]
[SourceVersion "1"]
[SourceVersionDate "2020.10.23"]
[SourceQuality "1"]

1. e4 e5 2. Nf3 Nc6 3. Bb5 Nf6 4. d3 d6 5. O-O Bd7 6. Re1 g6 7. d4 Nxd4 8. Nxd4
exd4 9. Bxd7+ Nxd7 10. Qxd4 Qf6 11. Qa4 c6 12. Nc3 Be7 13. Be3 O-O 14. Rad1 Qe6
15. Qd4 Rfd8 16. Bh6 Qe5 17. Qd2 Nc5 18. Be3 Ne6 19. f4 Qh5 20. f5 gxf5 21.
exf5 Qxf5 22. Rf1 Qg6 23. Rf3 Kh8 24. Rdf1 f6 25. Rg3 Qf7 26. Ne4 d5 27. Nxf6
Bxf6 28. Rgf3 Rf8 29. Rxf6 Qxf6 30. Rxf6 Rxf6 31. Qc3 Raf8 32. Bxa7 Kg8 33. h3
Nf4 34. Kh2 Rg6 35. g4 Rh6 36. Qb4 Rxh3+ 37. Kg1 Rg3+ 38. Kh2 Rg2+ 39. Kh1 Rf6
0-1

[Event "Speed Chess Super Swiss"]
[Site "chess.com INT"]
[Date "2020.10.03"]
[Round "1"]
[White "Sakorenko, Adriana"]
[Black "So, Wesley"]
[Result "0-1"]
[WhiteElo "2216"]
[BlackElo "2770"]
[PlyCount "80"]
[EventDate "2020.10.03"]
[EventType "swiss (blitz)"]
[EventRounds "15"]
[EventCountry "USA"]
[SourceTitle "EXT 2021"]
[Source "ChessBase"]
[SourceDate "2020.10.23"]
[SourceVersion "1"]
[SourceVersionDate "2020.10.23"]
[SourceQuality "1"]

1. d4 Nf6 2. Bf4 d5 3. e3 c5 4. Nd2 Nc6 5. c3 Bg4 6. Ngf3 e6 7. Be2 Bd6 8. Bg3
O-O 9. Ne5 Bxe2 10. Qxe2 Qc7 11. f4 Ne7 12. O-O Ne4 13. Nxe4 dxe4 14. Rfd1 cxd4
15. exd4 f6 16. Nc4 f5 17. Ne5 Rac8 18. Rac1 Nd5 19. Rf1 b5 20. a3 a6 21. Qf2
Bxe5 22. dxe5 Qc4 23. Rfe1 Rfd8 24. Rcd1 Qb3 25. Rd4 Rc4 26. Red1 e3 27. Qe2
Rxd4 28. Rxd4 Rc8 29. h3 Rc4 30. Rxc4 bxc4 31. Bh4 g6 32. g3 Qa2 33. Kf1 Qb1+
34. Kg2 Qe4+ 35. Qf3 Qc2+ 36. Kg1 Qxb2 37. g4 Qc1+ 38. Kg2 Qd2+ 39. Kf1 Qd3+
40. Qe2 Nxf4 0-1

[Event "Speed Chess Super Swiss"]
[Site "chess.com INT"]
[Date "2020.10.03"]
[Round "2"]
[White "So, Wesley"]
[Black "Rustemov, Alexander"]
[Result "1-0"]
[WhiteElo "2770"]
[BlackElo "2525"]
[PlyCount "81"]
[EventDate "2020.10.03"]
[EventType "swiss (blitz)"]
[EventRounds "15"]
[EventCountry "USA"]
[SourceTitle "EXT 2021"]
[Source "ChessBase"]
[SourceDate "2020.10.23"]
[SourceVersion "1"]
[SourceVersionDate "2020.10.23"]
[SourceQuality "1"]

1. e4 e6 2. d4 d5 3. Nc3 dxe4 4. Nxe4 Bd7 5. Nf3 Bc6 6. Bd3 Nd7 7. O-O Ngf6 8.
Ng3 Be7 9. Qe2 Bxf3 10. Qxf3 c6 11. c3 O-O 12. Re1 Re8 13. h4 Qb6 14. h5 h6 15.
Re2 Rad8 16. Bf4 Bf8 17. Rae1 Qa5 18. a3 Qd5 19. Be4 Nxe4 20. Nxe4 Be7 21. Re3
Nf6 22. Be5 Nd7 23. Bc7 Rc8 24. Bf4 Nf6 25. Be5 Nd7 26. Qg3 Nxe5 27. dxe5 Rcd8
28. Rf3 Bg5 29. Nxg5 hxg5 30. Qxg5 Qd2 31. Ree3 Qc1+ 32. Kh2 Rd1 33. Kg3 Rh1
34. Rf4 Qg1 35. Rg4 Qh2+ 36. Kf3 g6 37. hxg6 Rf8 38. gxf7+ Kxf7 39. Rf4+ Ke8
40. Qg6+ Kd7 41. Qg7+ 1-0

[Event "Speed Chess Super Swiss"]
[Site "chess.com INT"]
[Date "2020.10.03"]
[Round "4"]
[White "So, Wesley"]
[Black "Matlakov, Maxim"]
[Result "1-0"]
[WhiteElo "2770"]
[BlackElo "2685"]
[PlyCount "109"]
[EventDate "2020.10.03"]
[EventType "swiss (blitz)"]
[EventRounds "15"]
[EventCountry "USA"]
[SourceTitle "EXT 2021"]
[Source "ChessBase"]
[SourceDate "2020.10.23"]
[SourceVersion "1"]
[SourceVersionDate "2020.10.23"]
[SourceQuality "1"]

1. e4 e5 2. Nf3 Nc6 3. Bb5 a6 4. Ba4 Nf6 5. O-O Bc5 6. c3 b5 7. Bb3 d6 8. a4
Bb7 9. d3 h6 10. Nbd2 O-O 11. Nh4 Ne7 12. h3 d5 13. Qe2 Qd6 14. d4 Bb6 15. axb5
axb5 16. Rxa8 Bxa8 17. Ndf3 Nxe4 18. Nxe5 c5 19. Bf4 Qf6 20. g3 Rd8 21. dxc5
Bxc5 22. Nd3 Bb6 23. Be5 Qe6 24. Kh2 Nc6 25. Nf3 Nxe5 26. Nfxe5 Re8 27. Nf3 Qf6
28. Nd4 Bxd4 29. cxd4 Qxd4 30. Nf4 Nf6 31. Qc2 b4 32. Rd1 Qe5 33. Nd3 Qh5 34.
Nf4 Qf3 35. Rd3 Qe4 36. Qc7 Qf5 37. Bc2 Qc8 38. Qxc8 Rxc8 39. Bb3 g5 40. Ne2
Re8 41. Nd4 Ne4 42. Kg2 Nc5 43. Rf3 Nxb3 44. Rxb3 Re4 45. Rxb4 Kg7 46. f3 Re1
47. Nf5+ Kf6 48. g4 Re2+ 49. Kg3 d4 50. Rxd4 Rxb2 51. Rd6+ Ke5 52. Ra6 Bb7 53.
Ra5+ Kf6 54. Nxh6 Rb3 55. Ng8+ 1-0

[Event "Speed Chess Super Swiss"]
[Site "chess.com INT"]
[Date "2020.10.03"]
[Round "5"]
[White "Svane, Rasmus"]
[Black "So, Wesley"]
[Result "0-1"]
[WhiteElo "2613"]
[BlackElo "2770"]
[PlyCount "112"]
[EventDate "2020.10.03"]
[EventType "swiss (blitz)"]
[EventRounds "15"]
[EventCountry "USA"]
[SourceTitle "EXT 2021"]
[Source "ChessBase"]
[SourceDate "2020.10.23"]
[SourceVersion "1"]
[SourceVersionDate "2020.10.23"]
[SourceQuality "1"]

1. Nf3 d5 2. g3 Nf6 3. Bg2 e6 4. O-O Be7 5. c4 O-O 6. b3 c5 7. cxd5 Nxd5 8. Nc3
Bf6 9. Bb2 Nc6 10. Qc2 Ndb4 11. Qc1 b6 12. a3 Nd5 13. Nxd5 exd5 14. b4 c4 15.
b5 Na5 16. Bxf6 Qxf6 17. Qc3 Qe7 18. Nd4 Be6 19. a4 Rfd8 20. Rfe1 Rac8 21. e4
dxe4 22. Rxe4 Nb3 23. Nxe6 fxe6 24. Rae1 Qf6 25. Rxe6 Qxc3 26. dxc3 Nc5 27. Re7
Nxa4 28. Rxa7 Nxc3 29. Ree7 Rd1+ 30. Bf1 Nxb5 31. Rxg7+ Kf8 32. Raf7+ Ke8 33.
Rb7 Kf8 34. Rxh7 Kg8 35. Rbg7+ Kf8 36. Rb7 Kg8 37. Kg2 Nd6 38. Rbg7+ Kf8 39.
Rd7 Kg8 40. Be2 Re1 41. Bf3 Rc5 42. h4 c3 43. h5 c2 44. h6 Nf5 45. Rhf7 Nxh6
46. Rg7+ Kf8 47. Rh7 c1=Q 48. Rd8+ Re8 49. Rh8+ Ng8 50. Rxe8+ Kxe8 51. Rxg8+
Kf7 52. Rg4 Rc2 53. Rf4+ Ke7 54. Be4 Ra2 55. Bd5 Ra1 56. Rf7+ Kd6 0-1

[Event "Speed Chess Super Swiss"]
[Site "chess.com INT"]
[Date "2020.10.03"]
[Round "6"]
[White "So, Wesley"]
[Black "Sarana, Alexey"]
[Result "1-0"]
[WhiteElo "2770"]
[BlackElo "2657"]
[PlyCount "83"]
[EventDate "2020.10.03"]
[EventType "swiss (blitz)"]
[EventRounds "15"]
[EventCountry "USA"]
[SourceTitle "EXT 2021"]
[Source "ChessBase"]
[SourceDate "2020.10.23"]
[SourceVersion "1"]
[SourceVersionDate "2020.10.23"]
[SourceQuality "1"]

1. e4 c5 2. Nf3 d6 3. d4 cxd4 4. Nxd4 Nf6 5. Nc3 a6 6. h3 b5 7. g4 Bb7 8. Bg2
Nc6 9. O-O Nxd4 10. Qxd4 e5 11. Qd3 Be7 12. g5 Nd7 13. Nd5 Nc5 14. Qg3 Bxd5 15.
exd5 O-O 16. f4 Rc8 17. f5 Re8 18. Be3 Na4 19. f6 Bf8 20. fxg7 Bxg7 21. Be4 Rc4
22. Bd3 Nxb2 23. Bxc4 Nxc4 24. Rf5 Qd7 25. Raf1 Re7 26. h4 Qb7 27. Rd1 Qc8 28.
Rdf1 Qb7 29. Qf3 Nxe3 30. Qxe3 Qxd5 31. h5 Qc4 32. Qf3 e4 33. Qf4 Be5 34. Qg4
Qxc2 35. Qh4 e3 36. g6 e2 37. gxf7+ Rxf7 38. Qd8+ Kg7 39. Rxf7+ Kh6 40. Qf8+
Kxh5 41. R7f5+ Kg4 42. Qg8+ 1-0

[Event "Speed Chess Super Swiss"]
[Site "chess.com INT"]
[Date "2020.10.03"]
[Round "8"]
[White "Artemiev, Vladislav"]
[Black "So, Wesley"]
[Result "1-0"]
[WhiteElo "2716"]
[BlackElo "2770"]
[PlyCount "135"]
[EventDate "2020.10.03"]
[EventType "swiss (blitz)"]
[EventRounds "15"]
[EventCountry "USA"]
[SourceTitle "EXT 2021"]
[Source "ChessBase"]
[SourceDate "2020.10.23"]
[SourceVersion "1"]
[SourceVersionDate "2020.10.23"]
[SourceQuality "1"]

1. c4 Nf6 2. Nc3 e5 3. Nf3 Nc6 4. d3 d5 5. cxd5 Nxd5 6. g3 Be7 7. Bg2 Be6 8.
O-O O-O 9. Bd2 Qd7 10. Ne4 f6 11. Rc1 Nb6 12. Be3 Nd4 13. Bxd4 exd4 14. Nfd2 f5
15. Nc5 Bxc5 16. Rxc5 c6 17. Nf3 a5 18. Qd2 Qd6 19. Rxa5 Bxa2 20. Ra1 Bd5 21.
Rxa8 Nxa8 22. Ra7 c5 23. Nh4 Bxg2 24. Nxg2 Qb6 25. Qa5 Qxa5 26. Rxa5 Rc8 27.
Nf4 Nb6 28. Ra7 Rb8 29. Ne6 Nc8 30. Ra2 b6 31. b4 Kf7 32. Nd8+ Kf6 33. Nc6 Rb7
34. bxc5 bxc5 35. Rc2 Rc7 36. Nxd4 Nd6 37. Nf3 c4 38. dxc4 Rxc4 39. Ra2 Ne4 40.
Ra6+ Ke7 41. Ra7+ Kf6 42. Rf7+ Kxf7 43. Ne5+ Ke6 44. Nxc4 Kd5 45. Ne3+ Ke5 46.
f3 Nc3 47. Kf2 g5 48. g4 f4 49. Nc4+ Kd4 50. Nd6 Nd1+ 51. Ke1 Nb2 52. Nf7 Ke3
53. Nxg5 Nc4 54. Nxh7 Ne5 55. Nf6 Nc6 56. Nd5+ Kd4 57. Nxf4 Ke5 58. Ng2 Nd4 59.
Kf2 Nc2 60. h4 Nd4 61. h5 Ne6 62. f4+ Kf6 63. e4 Nc5 64. e5+ Ke6 65. Kf3 Nd3
66. h6 Nc5 67. h7 Nd7 68. h8=Q 1-0

[Event "Speed Chess Super Swiss"]
[Site "chess.com INT"]
[Date "2020.10.03"]
[Round "11"]
[White "So, Wesley"]
[Black "Van Foreest, Jorden"]
[Result "1-0"]
[WhiteElo "2770"]
[BlackElo "2673"]
[PlyCount "45"]
[EventDate "2020.10.03"]
[EventType "swiss (blitz)"]
[EventRounds "15"]
[EventCountry "USA"]
[SourceTitle "EXT 2021"]
[Source "ChessBase"]
[SourceDate "2020.10.23"]
[SourceVersion "1"]
[SourceVersionDate "2020.10.23"]
[SourceQuality "1"]

1. e4 c5 2. Nf3 e6 3. g3 Nc6 4. Bg2 Nf6 5. Qe2 Be7 6. e5 Ng4 7. h3 Nh6 8. d4
Nxd4 9. Nxd4 cxd4 10. Bxh6 gxh6 11. O-O Qb6 12. Na3 d5 13. exd6 Qxd6 14. Nb5
Qc5 15. Rad1 Bf6 16. c3 Bd7 17. Nxd4 O-O 18. Qf3 Bg7 19. Qxb7 Rad8 20. Nb3 Qb5
21. Qxa7 Bc8 22. Qa5 Rxd1 23. Qxb5 1-0

[Event "Speed Chess Super Swiss"]
[Site "chess.com INT"]
[Date "2020.10.03"]
[Round "12"]
[White "Nepomniachtchi, Ian"]
[Black "So, Wesley"]
[Result "1/2-1/2"]
[WhiteElo "2784"]
[BlackElo "2770"]
[PlyCount "32"]
[EventDate "2020.10.03"]
[EventType "swiss (blitz)"]
[EventRounds "15"]
[EventCountry "USA"]
[SourceTitle "EXT 2021"]
[Source "ChessBase"]
[SourceDate "2020.10.23"]
[SourceVersion "1"]
[SourceVersionDate "2020.10.23"]
[SourceQuality "1"]

1. b3 e5 2. Bb2 Nc6 3. Nf3 e4 4. Nd4 Nf6 5. c4 Bc5 6. Nf5 O-O 7. e3 Re8 8. Ng3
d5 9. cxd5 Nxd5 10. Nc3 Nxc3 11. Bxc3 Nb4 12. Qc1 Bf8 13. Bb2 Nd3+ 14. Bxd3
Qxd3 15. Qc3 Qxc3 16. Bxc3 b6 1/2-1/2

[Event "Speed Chess Super Swiss"]
[Site "chess.com INT"]
[Date "2020.10.03"]
[Round "15"]
[White "Praggnanandhaa, Rameshbabu"]
[Black "So, Wesley"]
[Result "1/2-1/2"]
[WhiteElo "2608"]
[BlackElo "2770"]
[PlyCount "34"]
[EventDate "2020.10.03"]
[EventType "swiss (blitz)"]
[EventRounds "15"]
[EventCountry "USA"]
[SourceTitle "EXT 2021"]
[Source "ChessBase"]
[SourceDate "2020.10.23"]
[SourceVersion "1"]
[SourceVersionDate "2020.10.23"]
[SourceQuality "1"]

1. Nf3 d5 2. g3 Nf6 3. Bg2 e6 4. O-O Be7 5. c4 O-O 6. b3 c5 7. Bb2 Nc6 8. cxd5
Nxd5 9. d4 cxd4 10. Nxd4 Bd7 11. Nc3 Nxc3 12. Bxc3 Rc8 13. Qd2 Nxd4 14. Bxd4
Bc6 15. Rfd1 Bxg2 16. Kxg2 Qd5+ 17. f3 Rfd8 1/2-1/2

[Event "Speed Chess Super Swiss KO"]
[Site "chess.com INT"]
[Date "2020.10.04"]
[Round "1.1"]
[White "So, Wesley"]
[Black "Ponkratov, Pavel"]
[Result "0-1"]
[WhiteElo "2770"]
[BlackElo "2631"]
[PlyCount "80"]
[EventDate "2020.10.04"]
[EventType "k.o. (blitz)"]
[EventRounds "4"]
[EventCountry "USA"]
[SourceTitle "EXT 2021"]
[Source "ChessBase"]
[SourceDate "2020.10.23"]
[SourceVersion "1"]
[SourceVersionDate "2020.10.23"]
[SourceQuality "1"]

1. e4 e6 2. d4 d5 3. Nd2 c5 4. Ngf3 cxd4 5. Nxd4 Nf6 6. exd5 Nxd5 7. N2f3 Be7
8. Bc4 O-O 9. Qe2 a6 10. h4 Nd7 11. Nxe6 Bb4+ 12. Kf1 fxe6 13. Qxe6+ Kh8 14.
Qxd5 Qf6 15. Qg5 Qc6 16. Bd3 Nc5 17. Ne5 Qe8 18. Be3 Nxd3 19. Nxd3 Be7 20. Qe5
Bf5 21. Bg5 Qf7 22. Qxe7 Bxd3+ 23. Kg1 Qxf2+ 24. Kh2 Qxc2 25. Rhe1 Bb5 26. Rac1
Qxb2 27. Qxb7 Rab8 28. Qe7 Rf2 29. Rg1 Re8 30. Qd6 h6 31. Bxh6 Rf6 32. Qd2 Qe5+
33. g3 Qe2+ 34. Rg2 Rxh6 35. Qd4 Qe5 36. Qg4 Qe4 37. Qg5 Re5 38. Rc8+ Kh7 39.
Qd2 Rxh4+ 40. gxh4 Qxh4+ 0-1

[Event "Speed Chess Super Swiss KO"]
[Site "chess.com INT"]
[Date "2020.10.04"]
[Round "1.2"]
[White "Ponkratov, Pavel"]
[Black "So, Wesley"]
[Result "0-1"]
[WhiteElo "2631"]
[BlackElo "2770"]
[PlyCount "116"]
[EventDate "2020.10.04"]
[EventType "k.o. (blitz)"]
[EventRounds "4"]
[EventCountry "USA"]
[SourceTitle "EXT 2021"]
[Source "ChessBase"]
[SourceDate "2020.10.23"]
[SourceVersion "1"]
[SourceVersionDate "2020.10.23"]
[SourceQuality "1"]

1. Nf3 d5 2. g3 Nf6 3. Bg2 c6 4. O-O Bg4 5. h3 Bh5 6. d3 Nbd7 7. c4 Bxf3 8.
Bxf3 dxc4 9. dxc4 Ne5 10. Qb3 Nxf3+ 11. Qxf3 g6 12. Qb3 Qc8 13. Kg2 Bg7 14. Qa3
O-O 15. Nd2 Qe6 16. Qf3 Rfd8 17. Rb1 Rd7 18. b3 Rad8 19. Rb2 h5 20. Rc2 g5 21.
Re1 g4 22. hxg4 hxg4 23. Qf4 Rd4 24. e4 Rd3 25. Qf5 Nd7 26. Qxe6 fxe6 27. Nf1
Ne5 28. Ne3 Bh6 29. Rh1 Bxe3 30. Bxe3 Nf3 31. Bxa7 Rd1 32. Rc1 Rxc1 33. Rxc1
Ra8 34. Bc5 Rxa2 35. Bxe7 Rb2 36. b4 Kf7 37. Bd6 e5 38. Bc5 Ke6 39. Rh1 Rc2 40.
Be3 Kf6 41. b5 Rxc4 42. b6 Rb4 43. Rh6+ Kg7 44. Rh1 Rxe4 45. Rd1 Rb4 46. Kf1
Nd4 47. Kg2 Kf6 48. Rh1 Nf3 49. Rh6+ Kf5 50. Rh1 Rb5 51. Rd1 Ke4 52. Rh1 c5 53.
Ra1 Kd5 54. Rd1+ Kc6 55. Rc1 Kxb6 56. Rc4 Nd4 57. Kf1 Rb1+ 58. Kg2 Kc6 0-1

[Event "Speed Chess Super Swiss KO"]
[Site "chess.com INT"]
[Date "2020.10.04"]
[Round "1.3"]
[White "So, Wesley"]
[Black "Ponkratov, Pavel"]
[Result "1-0"]
[WhiteElo "2770"]
[BlackElo "2631"]
[PlyCount "41"]
[EventDate "2020.10.04"]
[EventType "k.o. (blitz)"]
[EventRounds "4"]
[EventCountry "USA"]
[SourceTitle "EXT 2021"]
[Source "ChessBase"]
[SourceDate "2020.10.23"]
[SourceVersion "1"]
[SourceVersionDate "2020.10.23"]
[SourceQuality "1"]

1. e4 e5 2. Nf3 Nc6 3. Bc4 Nf6 4. Ng5 d5 5. exd5 Na5 6. Bb5+ c6 7. dxc6 bxc6 8.
Bd3 Nd5 9. Nf3 Bd6 10. O-O O-O 11. Re1 Qc7 12. c4 Nf4 13. Bf1 f5 14. c5 Bxc5
15. Nxe5 Rd8 16. Nc3 Bd4 17. Nf3 Bf6 18. d4 c5 19. Qa4 Bd7 20. Bxf4 Qxf4 21.
Qxa5 1-0

[Event "Speed Chess Super Swiss KO"]
[Site "chess.com INT"]
[Date "2020.10.04"]
[Round "1.4"]
[White "Ponkratov, Pavel"]
[Black "So, Wesley"]
[Result "0-1"]
[WhiteElo "2631"]
[BlackElo "2770"]
[PlyCount "46"]
[EventDate "2020.10.04"]
[EventType "k.o. (blitz)"]
[EventRounds "4"]
[EventCountry "USA"]
[SourceTitle "EXT 2021"]
[Source "ChessBase"]
[SourceDate "2020.10.23"]
[SourceVersion "1"]
[SourceVersionDate "2020.10.23"]
[SourceQuality "1"]

1. d4 Nf6 2. c4 e6 3. Nf3 d5 4. Nc3 c5 5. e3 Nc6 6. a3 a6 7. cxd5 exd5 8. b3
cxd4 9. Nxd4 Bd6 10. Bb2 O-O 11. Be2 Re8 12. O-O Nxd4 13. Qxd4 Be5 14. Qd2 d4
15. exd4 Qxd4 16. Rad1 Qxd2 17. Rxd2 Bxc3 18. Bxc3 Ne4 19. Bf3 Nxc3 20. a4 Bf5
21. Bxb7 Rab8 22. Bxa6 Rxb3 23. a5 Ra3 0-1

[Event "Speed Chess Super Swiss KO"]
[Site "chess.com INT"]
[Date "2020.10.04"]
[Round "1.5"]
[White "So, Wesley"]
[Black "Ponkratov, Pavel"]
[Result "0-1"]
[WhiteElo "2770"]
[BlackElo "2631"]
[PlyCount "78"]
[EventDate "2020.10.04"]
[EventType "k.o. (blitz)"]
[EventRounds "4"]
[EventCountry "USA"]
[SourceTitle "EXT 2021"]
[Source "ChessBase"]
[SourceDate "2020.10.23"]
[SourceVersion "1"]
[SourceVersionDate "2020.10.23"]
[SourceQuality "1"]

1. e4 g6 2. d4 Bg7 3. Nc3 d5 4. exd5 Nf6 5. Bc4 Nbd7 6. Bb3 Nb6 7. Nf3 a5 8. a4
O-O 9. h3 Nfxd5 10. Nxd5 Nxd5 11. O-O b6 12. Re1 Bb7 13. Bg5 h6 14. Bd2 e6 15.
c3 Kh7 16. Qc2 c5 17. Rad1 Qc7 18. dxc5 bxc5 19. Bc4 Rad8 20. h4 Nf6 21. Ne5
Rd6 22. Bf4 Rxd1 23. Rxd1 Qc8 24. Be2 Kg8 25. Nc4 Qa8 26. f3 Nd5 27. Bg3 Ba6
28. Bf2 Nf4 29. Bf1 Rb8 30. Rd2 Nd5 31. Bd3 Rd8 32. Bf1 h5 33. Bxc5 Rc8 34. b4
Bxc3 35. Rxd5 Qxd5 36. Nb6 Rxc5 37. bxc5 Qxc5+ 38. Kh1 Bxf1 39. Nd7 Qd4 0-1

[Event "Speed Chess Super Swiss KO"]
[Site "chess.com INT"]
[Date "2020.10.04"]
[Round "1.6"]
[White "Ponkratov, Pavel"]
[Black "So, Wesley"]
[Result "1-0"]
[WhiteElo "2631"]
[BlackElo "2770"]
[PlyCount "101"]
[EventDate "2020.10.04"]
[EventType "k.o. (blitz)"]
[EventRounds "4"]
[EventCountry "USA"]
[SourceTitle "EXT 2021"]
[Source "ChessBase"]
[SourceDate "2020.10.23"]
[SourceVersion "1"]
[SourceVersionDate "2020.10.23"]
[SourceQuality "1"]

1. c4 e5 2. Nc3 Nf6 3. e3 Nc6 4. g4 h6 5. Bg2 Bb4 6. h3 Bxc3 7. bxc3 e4 8. Ne2
d5 9. cxd5 Qxd5 10. d4 O-O 11. Qc2 Re8 12. c4 Nb4 13. Qb3 Nd3+ 14. Qxd3 exd3
15. cxd5 dxe2 16. Kxe2 b6 17. Bb2 Bb7 18. Rhc1 Bxd5 19. Bf1 Rac8 20. f3 Bb7 21.
Kf2 Nd5 22. e4 Nf4 23. h4 g5 24. hxg5 hxg5 25. Bb5 c6 26. Be2 Nxe2 27. Kxe2 Kg7
28. Kf2 f6 29. a4 Ba6 30. a5 b5 31. Ba3 Bb7 32. Bc5 a6 33. Kg3 Rh8 34. Rh1 Rxh1
35. Rxh1 Rh8 36. Rd1 Kg6 37. e5 Kf7 38. exf6 Kxf6 39. Re1 Bc8 40. Re7 Be6 41.
Ra7 Bd5 42. Rxa6 Rh1 43. Ra8 Rf1 44. a6 Rxf3+ 45. Kh2 Rf2+ 46. Kg1 Rg2+ 47. Kf1
Ra2 48. a7 Kg7 49. Rb8 Bc4+ 50. Kg1 b4 51. a8=Q 1-0